<?xml version="1.0" encoding="UTF-8"?>
<record
    xmlns:xsi="http://www.w3.org/2001/XMLSchema-instance"
    xsi:schemaLocation="http://www.loc.gov/MARC21/slim http://www.loc.gov/standards/marcxml/schema/MARC21slim.xsd"
    xmlns="http://www.loc.gov/MARC21/slim">

  <leader>02484nam a2200421 i 4500</leader>
  <controlfield tag="001">194321</controlfield>
  <controlfield tag="003">ES-MaACL</controlfield>
  <controlfield tag="005">20250708194130.0</controlfield>
  <controlfield tag="007">ta</controlfield>
  <controlfield tag="008">240424s2023    sp ||||| |||| 00| 0 spa d</controlfield>
  <datafield tag="020" ind1=" " ind2=" ">
    <subfield code="a">9786287588837</subfield>
  </datafield>
  <datafield tag="040" ind1=" " ind2=" ">
    <subfield code="b">spa</subfield>
    <subfield code="c">ES-MaACL</subfield>
  </datafield>
  <datafield tag="100" ind1=" " ind2=" ">
    <subfield code="a">Covo, Adelina</subfield>
    <subfield code="9">235993</subfield>
  </datafield>
  <datafield tag="245" ind1=" " ind2=" ">
    <subfield code="a">El zorro de los mares, la verdadera vida de Blas de Lezo /</subfield>
    <subfield code="c">Adelina Covo.</subfield>
  </datafield>
  <datafield tag="250" ind1=" " ind2=" ">
    <subfield code="a">Segunda edici&#xF3;n : octubre 2023</subfield>
  </datafield>
  <datafield tag="264" ind1=" " ind2="1">
    <subfield code="a">Bogot&#xE1; :</subfield>
    <subfield code="b">Ediciones del Bronce, </subfield>
    <subfield code="c">2023</subfield>
  </datafield>
  <datafield tag="300" ind1=" " ind2=" ">
    <subfield code="a">514 paginas ;</subfield>
    <subfield code="c">23 cm</subfield>
  </datafield>
  <datafield tag="336" ind1=" " ind2=" ">
    <subfield code="2">rdacontent</subfield>
    <subfield code="a">texto</subfield>
  </datafield>
  <datafield tag="337" ind1=" " ind2=" ">
    <subfield code="2">rdamedia</subfield>
    <subfield code="a">sin mediaci&#xF3;n</subfield>
  </datafield>
  <datafield tag="338" ind1=" " ind2=" ">
    <subfield code="2">rdacarrier</subfield>
    <subfield code="a">volumen</subfield>
  </datafield>
  <datafield tag="490" ind1="1" ind2=" ">
    <subfield code="a">Historias de Adelina </subfield>
  </datafield>
  <datafield tag="520" ind1=" " ind2=" ">
    <subfield code="a">Don Blas de Lezo es el &#xFA;nico marino de su tiempo que no perdi&#xF3; una sola batalla, aunque en ello dej&#xF3; medio cuerpo. Particip&#xF3; y dirigi&#xF3; la Armada espa&#xF1;ola en las batallas de V&#xE9;lez-M&#xE1;laga, Tol&#xF3;n y en el asedio a Barcelona. Su trayectoria &#xE9;pica se agigant&#xF3; al erradicar la pirater&#xED;a del mar del Sur, al proteger el Mediterr&#xE1;neo, al recuperar caudales para su rey en Italia, al asegurar la c&#xE9;lebre Conquista de &#xD3;ran y al garantizar, con su victoria en Cartagena de Indias, la supremac&#xED;a del Imperio en los mares durante sesenta y cinco a&#xF1;os m&#xE1;s, hasta trafalgar , en 1805. Don Blans de Lezo, como nos lo retrata con pinceladas certeras y Adelina Covo, fue el terrror tanto de la marina inglesa como de los corsarios y piratas que azotaban el mar C&#xE9;tilco y, muy pronto, las haza&#xF1;as del "Zorro de los Mares" fueron comidilla en las tabernas portuarias del viejo continente. </subfield>
  </datafield>
  <datafield tag="600" ind1="1" ind2="7">
    <subfield code="9">128931</subfield>
    <subfield code="a">Lezo, Blas de,</subfield>
    <subfield code="d">1687-1741</subfield>
    <subfield code="x">Novela</subfield>
  </datafield>
  <datafield tag="600" ind1="1" ind2="7">
    <subfield code="9">128931</subfield>
    <subfield code="a">Lezo, Blas de,</subfield>
    <subfield code="d">1687-1741</subfield>
    <subfield code="x">Biografias</subfield>
  </datafield>
  <datafield tag="650" ind1=" " ind2="7">
    <subfield code="a">Marinos-</subfield>
    <subfield code="z">Espa&#xF1;a</subfield>
    <subfield code="y">s. XVIII</subfield>
    <subfield code="9">235994</subfield>
  </datafield>
  <datafield tag="650" ind1=" " ind2="4">
    <subfield code="9">15045</subfield>
    <subfield code="a">Militares-</subfield>
    <subfield code="z">Espa&#xF1;a-</subfield>
    <subfield code="y">S.XVIII</subfield>
  </datafield>
  <datafield tag="650" ind1=" " ind2="7">
    <subfield code="9">135674</subfield>
    <subfield code="a">Batallas navales</subfield>
  </datafield>
  <datafield tag="655" ind1=" " ind2="7">
    <subfield code="2">tgfbne</subfield>
    <subfield code="a">Novelas hist&#xF3;ricas</subfield>
    <subfield code="9">226782</subfield>
  </datafield>
  <datafield tag="655" ind1=" " ind2="7">
    <subfield code="2">tgfbne</subfield>
    <subfield code="9">234409</subfield>
    <subfield code="a">Novelas biogr&#xE1;ficas</subfield>
  </datafield>
  <datafield tag="830" ind1=" " ind2=" ">
    <subfield code="a">Historias de Adelina </subfield>
    <subfield code="9">235995</subfield>
  </datafield>
  <datafield tag="852" ind1=" " ind2=" ">
    <subfield code="a">ES-MaACL</subfield>
    <subfield code="b">R.155087</subfield>
    <subfield code="c">DEPOJ</subfield>
    <subfield code="j">N-9865</subfield>
    <subfield code="h">Donaci&#xF3;n: Adelina Covo</subfield>
    <subfield code="9">201923</subfield>
    <subfield code="g">Dedicatoria aut&#xF3;grafa de la autora</subfield>
    <subfield code="x">Encuadernaci&#xF3;n r&#xFA;stica con solapas</subfield>
  </datafield>
  <datafield tag="903" ind1=" " ind2=" ">
    <subfield code="9">235993</subfield>
    <subfield code="a">Covo, Adelina</subfield>
    <subfield code="e">dnr</subfield>
  </datafield>
  <datafield tag="942" ind1=" " ind2=" ">
    <subfield code="n">0</subfield>
    <subfield code="c">MONOGRAFIA</subfield>
  </datafield>
  <datafield tag="999" ind1=" " ind2=" ">
    <subfield code="c">194321</subfield>
    <subfield code="d">194321</subfield>
  </datafield>
  <datafield tag="952" ind1=" " ind2=" ">
    <subfield code="0">0</subfield>
    <subfield code="1">0</subfield>
    <subfield code="2">udc</subfield>
    <subfield code="4">0</subfield>
    <subfield code="7">0</subfield>
    <subfield code="8">Librosdedicados</subfield>
    <subfield code="a">ATENEOM</subfield>
    <subfield code="b">ATENEOM</subfield>
    <subfield code="c">DEPOJ</subfield>
    <subfield code="d">2024-04-24</subfield>
    <subfield code="e">DONACION</subfield>
    <subfield code="l">0</subfield>
    <subfield code="o">N-9865</subfield>
    <subfield code="p">101227169</subfield>
    <subfield code="r">2024-04-24 00:00:00</subfield>
    <subfield code="w">2024-04-24</subfield>
    <subfield code="y">MONOGRAFIA</subfield>
    <subfield code="z">Dedicatoria aut&#xF3;grafa de la autora</subfield>
  </datafield>
</record>
